000 00665 a2200217 4500
005 20250508080822.0
020 _a047105979X :
050 0 0 _aTA190
_bTHA 1984
100 1 _aThamhain, Hans J.
_d1936-
_eauthor
245 1 0 _aEngineering program management /
_cHans J. Thamhain.
264 _aNew York :
_bWiley,
_cc1984
300 _axii, 351 p. :
_bill. ;
336 _2rdacontent
_atext
_btxt
337 _2rdamedia
_aunmediated
_bn
338 _2rdacarrier
_avolume
_bnc
500 _a"A Wiley-Interscience publication."
500 _aIncludes index.
504 _aBibliography: p. 258-280.
650 0 _aEngineering
_xManagement.
942 _2lcc
_cBK
_h190
_iTHA
_kTA
999 _c11516
_d11516